Movies Quiz

Random Movies or Cast Quiz
Score 0/20 Timer 05:00
1 Play Today
% Correct
Home Alone
98%
Batman
96.6%
Superman
91.5%
Planet of the Apes
89.7%
Frankenstein
77.3%
Monty Python and the Holy Grail
73.4%
Halloween
68.1%
Tron
67.2%
Conan the Barbarian
63%
A Nightmare on Elm Street
62.7%
% Correct
Indiana Jones and the Temple of Doom
61.3%
Rear Window
60.9%
Rebel Without a Cause
58.5%
Ferris Bueller's Day Off
55.3%
All the President's Men
40.4%
The Spy Who Loved Me
37.8%
The Exorcist
24.8%
2001: A Space Odyssey
22.8%
Diamonds Are Forever
18.5%
Night of the Living Dead
11.4%
Remove Ads.
Support Sporcle.
Get the best of Sporcle when you Go Orange. This ad-free experience offers more features, more stats, and more fun while also helping to support Sporcle. Thank you for becoming a member.

You're not logged in!

Compare scores with friends on all Sporcle quizzes.
OR
Log In

Show Comments

Extras

Top Quizzes Today


Score Distribution

Your Account Isn't Verified!

In order to create a playlist on Sporcle, you need to verify the email address you used during registration. Go to your Sporcle Settings to finish the process.

Report this User

Report this user for behavior that violates our Community Guidelines.

Details: